La ley de marcas estudio de la nueva Ley de marcas y su aplicacin̤ prc̀tica en la empresa /

Detalles Bibliográficos
Autor principal: Boco Torres, Marcos
Autor Corporativo: Espaą
Formato: Desconocido
Lenguaje:español
Publicado: Barcelona : SERVIDOC, D.L. 2003
Materias:
Acceso en línea:Acceso restringido

MARC

LEADER 00000ny a22000003n 4500
005 20110530140057.0
008 031121s2003 sp s 001 0 spa c
017 |a D.L. B.41857-2003 
020 |a 8493282839 
035 |a 1116 
040 |a SpMaUCDE  |d vLex 
040 |a UMA.RE  |d vLex 
080 |a 347.772(460) 
090 |c 362  |d 362 
100 1 |a Boco Torres, Marcos 
245 1 3 |a La ley de marcas  |h [Recurso electrn̤ico]  |b estudio de la nueva Ley de marcas y su aplicacin̤ prc̀tica en la empresa /  |c Marcos Boco Torres 
256 |a Servicio en ln̕ea 
260 |a Barcelona :  |b SERVIDOC,  |c D.L. 2003 
300 |a 366 p. ;  |c 22 cm 
504 |a Incluye : Ley de marcas y reglamento de la ley 
506 1 |a Contenido solo disponible en los productos indicados  |d vLex Global  |d vLex Global (Academic Edition, excluding Law Schools)  |d vLex Global (U.S. Academic Edition, Law Schools)  |d vLex Global (U.S. Academic Edition, excluding Law Schools)  |d vLex Global (Academic Edition, Law Schools) 
650 0 7 |a Marcas  |2 Tesauro vLex 
650 0 7 |a Civil  |2 Tesauro vLex 
650 0 7 |a Marcas  |2 Tesauro vLex 
710 1 |a Espaą.  |t Ley de marcas, 2001 
740 0 |a vLex Libros (Servicios en ln̕ea) 
856 4 0 |u http://vlex.com/source/1116  |z Acceso restringido 
942 |c BOOK 
999 0 |a Civil Law   |b Barcelona